00397nam a22001217a 450000500170000000800410001704100080005808200080006610000620007424501020013626000290023830000080026720240812154746.0240812b |||||||| |||| 00| 0 eng d aeng bSHI aShirtikar Swarali- 2K221058 & Dr. Arpita Singh – Guide  aAnalysis of the Perception of the Employees Towards Organizational Climate at KPT Industries Ltd. aPune bSPPU cMarch-2024 a67p